| 000 | 00425nam a22001337a 4500 | ||
|---|---|---|---|
| 020 | _a9783030190286 | ||
| 082 |
_a620.11 _bMET |
||
| 245 |
_a2D Metal Carbides and Nitrides (MXenes): _bstructure, properties and applications / |
||
| 260 |
_aSwitzerland: _bSpringer, _c2019. |
||
| 300 |
_a534p. ; _c23 cm. |
||
| 700 |
_aAnasori, Babak & Gogosti, Yury _989131 |
||
| 942 |
_2ddc _cBK |
||
| 999 |
_c587951 _d587951 |
||